The precision revolution : (Record no. 542712)

000 -LEADER
fixed length control field 00911mam a2200229 a 4500
020 ## - INTERNATIONAL STANDARD BOOK NUMBER
International Standard Book Number 1557509735
082 ## - DEWEY DECIMAL CLASSIFICATION NUMBER
Classification number 358.418
Author Mark RIP
-- N-01,P-116
100 1# - MAIN ENTRY--PERSONAL NAME
Personal name Rip, Michael Russell,
9 (RLIN) 38004
245 14 - TITLE STATEMENT
Title The precision revolution :
Remainder of title GPS and the future of aerial warfare /
Statement of responsibility, etc. Michael Russell Rip and James M. Hasik.
260 ## - PUBLICATION, DISTRIBUTION, ETC.
Place of publication, distribution, etc. Annapolis, MD :
Name of publisher, distributor, etc. Naval Institute Press,
Date of publication, distribution, etc. c2002.
300 ## - PHYSICAL DESCRIPTION
Extent xvi, 552 p. :
Other physical details ill., maps, photos. ;
Dimensions 24 cm.
526 ## - STUDY PROGRAM INFORMATION NOTE
Program name 0
Interest level 0
Reading level 0
Title point value 358_418000000000000_RIP
526 ## - STUDY PROGRAM INFORMATION NOTE
Program name 0
Interest level 0
Reading level 0
Title point value 358_418000000000000_RIP
526 ## - STUDY PROGRAM INFORMATION NOTE
Program name 0
Interest level 0
Reading level 0
Title point value 358_418000000000000_RIP
526 ## - STUDY PROGRAM INFORMATION NOTE
Program name 0
Interest level 0
Reading level 0
Title point value 358_418000000000000_RIP
650 #0 - SUBJECT ADDED ENTRY--TOPICAL TERM
Topical term or geographic name entry element Air warfare
General subdivision Effect of technological innovations on.
9 (RLIN) 38005
650 #0 - SUBJECT ADDED ENTRY--TOPICAL TERM
Topical term or geographic name entry element Global Positioning System
General subdivision History.
9 (RLIN) 38006
650 #0 - SUBJECT ADDED ENTRY--TOPICAL TERM
Topical term or geographic name entry element Precision guided munitions.
9 (RLIN) 38007
700 1# - ADDED ENTRY--PERSONAL NAME
Personal name Hasik, James M.,
9 (RLIN) 38008
710 2# - ADDED ENTRY--CORPORATE NAME
Corporate name or jurisdiction name as entry element Naval Institute Press.
9 (RLIN) 38009
942 ## - ADDED ENTRY ELEMENTS (KOHA)
Source of classification or shelving scheme
Koha item type Book
Holdings
Withdrawn status Lost status Source of classification or shelving scheme Damaged status Not for loan Permanent Location Current Location Date acquired Total Checkouts Full call number Barcode Date last seen Price effective from Koha item type
          Military College of Engineering (MCE) Military College of Engineering (MCE) 02/12/2014   358.418 RIP MCE-38004 02/12/2014 02/12/2014 Book
          Military College of Engineering (MCE) Military College of Engineering (MCE) 02/13/2014   358.418 RIP MCE-38005 02/13/2014 02/13/2014 Book
          Military College of Engineering (MCE) Military College of Engineering (MCE) 02/13/2014   358.418 RIP MCE-38006 02/13/2014 03/14/2021 Book
          Military College of Engineering (MCE) Military College of Engineering (MCE) 08/26/2014   358.418 RIP MCE-36702 08/26/2014 08/26/2014 Book
© 2023 Central Library, National University of Sciences and Technology. All Rights Reserved.